000 00718nam a2200253 i 4500
001 13002
003 ES-MaACL
005 20230906150450.0
007 t|
008 960826s1995 sp ||||0| spa j
020 _a84-368-0911-4
040 _aM-BN
_bspa
_cM-BN
080 _a331.108.37
100 1 _aPopovich, Igor S.
_993103
245 1 3 _aEl éxito en las entrevistas de trabajo /
_cIgor S. Popovich.
260 _aMadrid :
_bPirámide,
_c[1995]
300 _a221 p. ;
_c20 cm.
490 1 _aAprende tú solo ;
_v77
650 1 4 _aEntrevistas de empleo.
_912327
830 0 _aAprende tú solo ;
_v77
_9228369
852 _aES-MaACL
_jL-20337
_bR.125735
999 _c13002
_d13002